000 00253nam a22001097a 4500
082 _a621.42 JON'F
100 _aJONES, G. J
_980658
245 _aFUNDAMENTALS OF WORKSHOP TECHNOLOGY
260 _aLONDON
_bHEINEMANN
_c1965
300 _a252P
942 _cBK
999 _c585555
_d585555